[Event "Titled Tuesday intern op 21st Mar Early"]
[Site "Chess.com INT"]
[Date "2023.03.21"]
[Round "7"]
[White "Aarav, Dengla"]
[Black "Friedel, Tom"]
[Result "1-0"]
[WhiteElo "2349"]
[BlackElo "2295"]
[PlyCount "59"]
[EventDate "2023.03.21"]
[EventType "swiss (blitz)"]
[EventRounds "11"]
[EventCountry "USA"]
[SourceTitle "EXT 2024"]
[Source "ChessBase"]
[SourceDate "2023.10.10"]
[SourceVersion "1"]
[SourceVersionDate "2023.10.10"]
[SourceQuality "1"]

1. e4 c6 2. d3 d5 3. Nd2 e5 4. Ngf3 Bd6 5. g3 Nf6 6. Bg2 0-0 7. 0-0 Re8 8. c3 a5 9. Re1 Na6 10. d4 dxe4 11. Nxe4 Nxe4 12. Rxe4 f5 13. Re1 e4 14. Ng5 Be7 15. Qb3+ Qd5 16. c4 Qd7 17. h4 h6 18. Nh3 Bf6 19. Be3 Qf7 20. Rad1 Be6 21. d5 cxd5 22. cxd5 Bd7 23. Qb6 Nb4 24. Nf4 Ra6 25. Qxb7 Raa8 26. a3 Reb8 27. Qc7 Rc8 28. Qd6 Nc2 29. Re2 Nxe3 30. fxe3 1-0

[Event "Titled Tuesday intern op 21st Mar Early"]
[Site "Chess.com INT"]
[Date "2023.03.21"]
[Round "1"]
[White "Friedel, Tom"]
[Black "Korchmar, Vasiliy"]
[Result "0-1"]
[WhiteElo "2295"]
[BlackElo "2438"]
[PlyCount "94"]
[EventDate "2023.03.21"]
[EventType "swiss (blitz)"]
[EventRounds "11"]
[EventCountry "USA"]
[SourceTitle "EXT 2024"]
[Source "ChessBase"]
[SourceDate "2023.10.10"]
[SourceVersion "1"]
[SourceVersionDate "2023.10.10"]
[SourceQuality "1"]

1. e4 c5 2. Nf3 d6 3. c3 Nf6 4. Bd3 Nc6 5. Bc2 Bg4 6. d3 e6 7. Nbd2 Be7 8. 0-0 0-0 9. h3 Bh5 10. Re1 Rb8 11. Nf1 h6 12. Ng3 Bg6 13. Bd2 b5 14. Qe2 b4 15. Ba4 bxc3 16. Bxc3 Qb6 17. Rac1 Nd7 18. Nd2 Bf6 19. Nc4 Qc7 20. Bxf6 Nxf6 21. Bxc6 Qxc6 22. e5 Nd5 23. Qf3 dxe5 24. Nxe5 Qd6 25. b3 Bh7 26. Nc4 Qa6 27. Ne4 Bxe4 28. dxe4 Nb4 29. a4 Nc6 30. Qg3 Nd4 31. Rc3 Nxb3 32. Rxb3 Rb4 33. Rxb4 cxb4 34. Ne5 Qxa4 35. Qe3 a5 36. Rb1 Qc2 37. Qd3 Qa2 38. Nc4 Rc8 39. Qb3 Qxb3 40. Rxb3 Rxc4 41. f3 Kf8 42. Rb1 Ke7 43. Rb2 Kd6 44. Kf2 Kc5 45. Ke3 a4 46. Kd3 Rc3+ 47. Kd2 Kc4 0-1

[Event "Titled Tuesday intern op 14th Mar Late"]
[Site "Chess.com INT"]
[Date "2023.03.14"]
[Round "3"]
[White "Friedel, Tom"]
[Black "Diaz Perez, Michel Alejandro"]
[Result "0-1"]
[WhiteElo "2295"]
[BlackElo "2414"]
[PlyCount "94"]
[EventDate "2023.03.14"]
[EventType "swiss (blitz)"]
[EventRounds "11"]
[EventCountry "USA"]
[SourceTitle "EXT 2024"]
[Source "ChessBase"]
[SourceDate "2023.10.10"]
[SourceVersion "1"]
[SourceVersionDate "2023.10.10"]
[SourceQuality "1"]

1. e4 d5 2. Nc3 d4 3. Nce2 e5 4. d3 c5 5. f4 f6 6. Nf3 Nc6 7. g3 Bd6 8. Bg2 Nge7 9. 0-0 0-0 10. Bd2 Be6 11. fxe5 fxe5 12. Ng5 Bd7 13. c3 Qb6 14. Qb3+ Qxb3 15. axb3 h6 16. Bh3 Bxh3 17. Nxh3 a6 18. Kg2 Rad8 19. Rxf8+ Rxf8 20. Nhg1 Bc7 21. Nf3 dxc3 22. bxc3 Rd8 23. Ne1 Ng6 24. Be3 Bd6 25. Ng1 Nf8 26. Ngf3 Ne6 27. Nh4 Bf8 28. Nf5 Kh7 29. h4 g6 30. g4 gxf5 31. gxf5 Ng7 32. Rd1 Be7 33. Kh3 Nh5 34. Nf3 Nf6 35. Bf2 Nxe4 36. Be1 Nd6 37. Bg3 Bf6 38. Re1 Re8 39. Kg4 Rg8+ 40. Kh3 Nxf5 41. Bxe5 Bxe5 42. Nxe5 Re8 43. d4 cxd4 44. cxd4 Nfxd4 45. Nxc6 Rxe1 46. Nxd4 Rd1 47. Ne6 Rd3+ 0-1

[Event "Titled Tuesday intern op 14th Mar Late"]
[Site "Chess.com INT"]
[Date "2023.03.14"]
[Round "4"]
[White "Hajiyev, Kanan"]
[Black "Friedel, Tom"]
[Result "1-0"]
[WhiteElo "2183"]
[BlackElo "2295"]
[PlyCount "59"]
[EventDate "2023.03.14"]
[EventType "swiss (blitz)"]
[EventRounds "11"]
[EventCountry "USA"]
[SourceTitle "EXT 2024"]
[Source "ChessBase"]
[SourceDate "2023.10.10"]
[SourceVersion "1"]
[SourceVersionDate "2023.10.10"]
[SourceQuality "1"]

1. d4 d5 2. Nf3 Nf6 3. c4 e6 4. cxd5 exd5 5. Nc3 Be7 6. Qc2 0-0 7. Bf4 c6 8. e3 Re8 9. Bd3 Nbd7 10. 0-0 Nf8 11. Rab1 Ng6 12. Bg3 Bd6 13. b4 Bxg3 14. hxg3 a6 15. a4 Bg4 16. b5 axb5 17. axb5 Qd7 18. bxc6 bxc6 19. Na4 Bxf3 20. Nb6 Qg4 21. gxf3 Qh3 22. Nxa8 Rxa8 23. Bf5 Qh5 24. Qxc6 Re8 25. Bxg6 hxg6 26. Kg2 g5 27. g4 Qg6 28. Rb6 Qd3 29. Qb5 Qd2 30. Rxf6 1-0

[Event "Titled Tuesday intern op 14th Mar Late"]
[Site "Chess.com INT"]
[Date "2023.03.14"]
[Round "9"]
[White "Tarnowska, Aleksandra"]
[Black "Friedel, Tom"]
[Result "0-1"]
[WhiteElo "1835"]
[BlackElo "2295"]
[PlyCount "140"]
[EventDate "2023.03.14"]
[EventType "swiss (blitz)"]
[EventRounds "11"]
[EventCountry "USA"]
[SourceTitle "EXT 2024"]
[Source "ChessBase"]
[SourceDate "2023.10.10"]
[SourceVersion "1"]
[SourceVersionDate "2023.10.10"]
[SourceQuality "1"]

1. e4 c6 2. d4 d5 3. Nc3 dxe4 4. Nxe4 Nf6 5. Nxf6+ exf6 6. Nf3 Bd6 7. Be3 0-0 8. Bd3 Re8 9. Qd2 Bg4 10. h3 Bxf3 11. gxf3 Nd7 12. 0-0-0 Nf8 13. h4 Qd7 14. h5 f5 15. Rdg1 Rad8 16. Kb1 f4 17. Bxf4 Bxf4 18. Qxf4 Qxd4 19. Qg3 c5 20. a3 c4 21. Rh4 Qf6 22. Rxc4 Ne6 23. h6 g6 24. Rf4 Qe5 25. Rb4 Qxg3 26. fxg3 Nc5 27. Be4 b6 28. Bc6 Re3 29. Rf4 f5 30. g4 Ne6 31. Rb4 f4 32. Bb5 Ng5 33. Bc4+ Kf8 34. Ra4 Nxf3 35. Rc1 Nd2+ 36. Ka2 Nxc4 37. Rxc4 f3 38. Rf4+ Ke7 39. Rf1 Rf8 40. Rd4 f2 41. c3 Re1 42. Rd1 Rxd1 43. Rxd1 f1Q 44. Rxf1 Rxf1 45. g5 Rg1 46. a4 Rxg5 47. b4 Rh5 48. Ka3 Rxh6 49. a5 bxa5 50. bxa5 Rh4 51. Kb3 Kd6 52. c4 Kc5 53. a6 Rxc4 54. Ka3 Rb4 55. Ka2 Rb6 56. Ka1 Rxa6+ 57. Kb2 Rb6+ 58. Kc2 Kd4 59. Kd2 Rb3 60. Ke2 a5 61. Kf2 a4 62. Ke1 a3 63. Kd2 Rb2+ 64. Kc1 Rh2 65. Kb1 g5 66. Ka1 g4 67. Kb1 g3 68. Ka1 Rf2 69. Kb1 g2 70. Kc1 g1Q# 0-1

[Event "Titled Tuesday intern op 17th May Late"]
[Site "Chess.com INT"]
[Date "2022.05.17"]
[Round "2"]
[White "Dounis, Alexandros"]
[Black "Friedel, Tom"]
[Result "1/2-1/2"]
[WhiteElo "2257"]
[BlackElo "2295"]
[PlyCount "155"]
[EventDate "2022.05.17"]
[EventType "swiss (blitz)"]
[EventRounds "11"]
[EventCountry "USA"]
[SourceTitle "CBM 208 Extra"]
[Source "ChessBase"]
[SourceDate "2022.07.31"]
[SourceVersion "1"]
[SourceVersionDate "2022.07.31"]
[SourceQuality "1"]

1. Nf3 e6 2. g3 d5 3. Bg2 Nf6 4. 0-0 Be7 5. d4 Nbd7 6. c4 0-0 7. b3 b6 8. Ne5 Bb7 9. Nc3 c6 10. Nxd7 Qxd7 11. Bb2 Rad8 12. e3 c5 13. dxc5 Bxc5 14. cxd5 Nxd5 15. Nxd5 Bxd5 16. Bxd5 Qxd5 17. Qc2 Qd2 18. Rac1 h6 19. Rfe1 Rd5 20. Re2 Qxc2 21. Rcxc2 Rfd8 22. e4 Rd1+ 23. Kg2 Kf8 24. Bc3 R8d7 25. b4 Be7 26. a3 g6 27. Be5 h5 28. Rc8+ Rd8 29. Rec2 R1d7 30. R2c7 Ke8 31. Rxd7 Kxd7 32. Rc7+ Ke8 33. Rxa7 Rd2 34. Rb7 Ra2 35. Rxb6 Rxa3 36. b5 Ra2 37. Rb8+ Kd7 38. Rb7+ Kd8 39. Bd4 f6 40. b6 e5 41. Be3 f5 42. Rb8+ Kd7 43. exf5 gxf5 44. Rh8 f4 45. gxf4 exf4 46. Bxf4 Bc5 47. Bg3 Bxb6 48. Rxh5 Ke8 49. Rf5 Ra7 50. h4 Rh7 51. h5 Bd8 52. Kh3 Be7 53. Kg4 Kd7 54. Bf4 Ke6 55. h6 Rh8 56. Bg5 Bxg5 57. Kxg5 Rg8+ 58. Kf4 Rh8 59. Ra5 Kf6 60. Ra6+ Kf7 61. Kf5 Rb8 62. Ra7+ Kg8 63. f4 Rb5+ 64. Kg6 Rb6+ 65. Kg5 Rb5+ 66. f5 Rb1 67. Kg6 Rg1+ 68. Kf6 Kh8 69. Rg7 Rh1 70. Kg6 Rg1+ 71. Kf7 Rh1 72. Rg8+ Kh7 73. f6 Rxh6 74. Rg7+ Kh8 75. Rg8+ Kh7 76. Rg5 Kh8 77. Rg7 Rxf6+ 78. Kxf6 1/2-1/2

[Event "Titled Tuesday intern op 10th May Early"]
[Site "Chess.com INT"]
[Date "2022.05.10"]
[Round "10"]
[White "Cagara, Paulina"]
[Black "Friedel, Tom"]
[Result "1-0"]
[WhiteElo "2045"]
[BlackElo "2295"]
[PlyCount "107"]
[EventDate "2022.05.10"]
[EventType "swiss (blitz)"]
[EventRounds "11"]
[EventCountry "USA"]
[SourceTitle "CBM 208 Extra"]
[Source "ChessBase"]
[SourceDate "2022.07.31"]
[SourceVersion "1"]
[SourceVersionDate "2022.07.31"]
[SourceQuality "1"]

1. e4 c6 2. d4 d5 3. exd5 cxd5 4. Bd3 Nf6 5. h3 Nc6 6. c3 g6 7. Nf3 Bg7 8. 0-0 0-0 9. Bf4 Bf5 10. Bxf5 gxf5 11. Re1 Kh8 12. Ne5 e6 13. Nd2 Nd7 14. Ndf3 Ndxe5 15. Nxe5 Nxe5 16. Bxe5 Rg8 17. Qh5 Bxe5 18. Rxe5 Rg5 19. Qxf7 Qg8 20. Qxg8+ Raxg8 21. g3 h5 22. h4 Rg4 23. Rae1 f4 24. Rxh5+ Kg7 25. Kh2 fxg3+ 26. fxg3 Kg6 27. Rhe5 Kf7 28. Rxe6 Rxg3 29. Re7+ Kf6 30. R1e6+ Kf5 31. Re5+ Kf4 32. Rf7+ Kg4 33. Rxd5 Kxh4 34. Rh7+ Kg4 35. Re5 Kf4 36. Rf7+ Kg4 37. Re4+ Kh5 38. Rh7+ Kg6 39. Kxg3 Kxh7+ 40. Kf3 Rf8+ 41. Ke3 Rg8 42. Re7+ Kh6 43. Rxb7 Rg2 44. Kd3 Kg5 45. Kc4 Kf4 46. a4 Ke4 47. b4 Ke3 48. Rxa7 Kd2 49. Rf7 Rg3 50. Rf2+ Ke1 51. Rh2 Rg8 52. b5 Rc8+ 53. Kb4 Rd8 54. a5 1-0

[Event "Titled Tuesday intern op 10th May Early"]
[Site "Chess.com INT"]
[Date "2022.05.10"]
[Round "1"]
[White "Dang, Hoang Son"]
[Black "Friedel, Tom"]
[Result "1-0"]
[WhiteElo "2361"]
[BlackElo "2295"]
[PlyCount "101"]
[EventDate "2022.05.10"]
[EventType "swiss (blitz)"]
[EventRounds "11"]
[EventCountry "USA"]
[SourceTitle "CBM 208 Extra"]
[Source "ChessBase"]
[SourceDate "2022.07.31"]
[SourceVersion "1"]
[SourceVersionDate "2022.07.31"]
[SourceQuality "1"]

1. d4 d5 2. Bf4 e6 3. e3 Bd6 4. Bg3 Bxg3 5. hxg3 Nf6 6. Nf3 Nbd7 7. Bd3 Qe7 8. Nbd2 e5 9. dxe5 Nxe5 10. Nxe5 Qxe5 11. c3 Bg4 12. Qa4+ Bd7 13. Qb4 0-0-0 14. 0-0-0 h6 15. Nf3 Qe6 16. Bc2 Rhe8 17. Rh4 Ne4 18. Nd4 Qb6 19. Qxb6 axb6 20. Bxe4 dxe4 21. b3 c5 22. Ne2 Bf5 23. Rxd8+ Rxd8 24. Rf4 Bg6 25. g4 Kc7 26. Ng3 Re8 27. c4 Kd6 28. Kc2 Ke5 29. Kc3 Ra8 30. a4 Rd8 31. Nh5 Bxh5 32. gxh5 Rd3+ 33. Kc2 f5 34. g4 fxg4 35. Rxg4 Rd7 36. Rg6 Rf7 37. Rg2 Rd7 38. b4 Kf5 39. b5 Ke5 40. Rg6 Rf7 41. Rg2 Rd7 42. Rg6 Rf7 43. Rxb6 Rxf2+ 44. Kc1 Rf3 45. Rxb7 Rxe3 46. a5 Kd4 47. Rd7+ Kc3 48. b6 Re1+ 49. Rd1 Re2 50. b7 Ra2 51. b8Q 1-0

[Event "Titled Tuesday intern op 19th Apr Early"]
[Site "Chess.com INT"]
[Date "2022.04.19"]
[Round "7"]
[White "Friedel, Tom"]
[Black "Marczuk, Dominik"]
[Result "0-1"]
[WhiteElo "2295"]
[BlackElo "2281"]
[PlyCount "70"]
[EventDate "2022.04.19"]
[EventType "swiss (blitz)"]
[EventRounds "11"]
[EventCountry "USA"]
[SourceTitle "EXT 2023"]
[Source "ChessBase"]
[SourceDate "2022.10.05"]
[SourceVersion "1"]
[SourceVersionDate "2022.10.05"]
[SourceQuality "1"]

1. e4 c5 2. Nf3 d6 3. c3 Nf6 4. Bd3 Bg4 5. Bc2 Nc6 6. d3 e6 7. Nbd2 Be7 8. 0-0 0-0 9. h3 Bh5 10. Re1 Qc7 11. Nf1 Bg6 12. Ng3 b5 13. Nh4 b4 14. Bd2 Rab8 15. Nxg6 hxg6 16. h4 bxc3 17. bxc3 Rb2 18. Bc1 Rb7 19. h5 gxh5 20. Nxh5 Nxh5 21. Qxh5 Bf6 22. Bd2 Rb2 23. Rac1 g6 24. Qg4 Rxa2 25. Bh6 Rb8 26. Bd1 Rbb2 27. Be3 Ne5 28. Qf4 Bg7 29. Qg3 Nxd3 30. Bf4 Nxe1 31. Bxd6 Qd8 32. Bg4 Rxf2 33. Bh3 Nxg2 34. Bxc5 Nf4 35. Bf1 Rxf1+ 0-1

[Event "Titled Tuesday intern op 19th Apr Early"]
[Site "Chess.com INT"]
[Date "2022.04.19"]
[Round "5"]
[White "Przybylski, Wojciech"]
[Black "Friedel, Tom"]
[Result "1/2-1/2"]
[WhiteElo "2321"]
[BlackElo "2295"]
[PlyCount "103"]
[EventDate "2022.04.19"]
[EventType "swiss (blitz)"]
[EventRounds "11"]
[EventCountry "USA"]
[SourceTitle "EXT 2023"]
[Source "ChessBase"]
[SourceDate "2022.10.05"]
[SourceVersion "1"]
[SourceVersionDate "2022.10.05"]
[SourceQuality "1"]

1. d4 d5 2. c4 e6 3. Nf3 Nf6 4. Nc3 Nbd7 5. g3 Be7 6. Bg2 0-0 7. 0-0 dxc4 8. e4 Nb6 9. Qe2 Bd7 10. a4 a5 11. Ne5 Bc6 12. Nxc4 Nxc4 13. Qxc4 Bb4 14. Re1 h6 15. b3 Rc8 16. Bb2 Qe7 17. Rad1 Rfd8 18. h3 Qf8 19. Kh2 h5 20. Re3 Ba3 21. Ba1 Bb4 22. Nb5 Qe8 23. Na7 Ra8 24. Nxc6 bxc6 25. Bb2 Rab8 26. Qc2 Qf8 27. Qxc6 h4 28. d5 exd5 29. Bxf6 Rd6 30. Qxc7 Rxf6 31. Re2 Bd6 32. Qc3 Rxf2 33. Rxf2 hxg3+ 34. Kh1 gxf2 35. e5 Bb4 36. Qg3 Qc5 37. Bxd5 Qxd5+ 38. Rxd5 f1Q+ 39. Kh2 Qe2+ 40. Qg2 Qxg2+ 41. Kxg2 Re8 42. Kf3 Re6 43. Kf4 Kh7 44. Kf5 g6+ 45. Kf4 Be7 46. Rd7 Kg7 47. Ra7 Bb4 48. h4 Kg8 49. Rc7 Kg7 50. Ra7 Rb6 51. Ke4 Re6 52. Kf4 1/2-1/2

[Event "Titled Tuesday intern op 19th Apr Early"]
[Site "Chess.com INT"]
[Date "2022.04.19"]
[Round "11"]
[White "Rottenwohrer Suarez, Juan"]
[Black "Friedel, Tom"]
[Result "1-0"]
[WhiteElo "2252"]
[BlackElo "2295"]
[PlyCount "73"]
[EventDate "2022.04.19"]
[EventType "swiss (blitz)"]
[EventRounds "11"]
[EventCountry "USA"]
[SourceTitle "EXT 2023"]
[Source "ChessBase"]
[SourceDate "2022.10.05"]
[SourceVersion "1"]
[SourceVersionDate "2022.10.05"]
[SourceQuality "1"]

1. d4 d5 2. c4 e6 3. Nf3 Nf6 4. g3 Be7 5. Bg2 Nbd7 6. 0-0 0-0 7. Qc2 c6 8. Nbd2 b6 9. e4 Bb7 10. e5 Ne8 11. cxd5 cxd5 12. Re1 Rc8 13. Qd1 Nc7 14. Nb1 Ba6 15. Nc3 Nb5 16. Bd2 Nxc3 17. Bxc3 Qc7 18. h4 b5 19. Bf1 Qb7 20. a3 Nb6 21. Ng5 h6 22. Nf3 Na4 23. Qb3 Rc6 24. Bd2 Rfc8 25. Bd3 Nb6 26. Bb1 Nc4 27. Qd3 g6 28. Bxh6 Nxb2 29. Qd2 Nc4 30. Qf4 Bf8 31. h5 Bg7 32. Bxg7 Kxg7 33. Qf6+ Kg8 34. h6 Kf8 35. h7 Ke8 36. h8Q+ Kd7 37. Qxf7# 1-0

[Event "Titled Tuesday intern op 09th Mar"]
[Site "Chess.com INT"]
[Date "2021.03.09"]
[Round "6"]
[White "Friedel, Tom"]
[Black "Grigoryan, Meri"]
[Result "1-0"]
[WhiteElo "2295"]
[BlackElo "2044"]
[PlyCount "55"]
[EventDate "2021.03.09"]
[EventType "swiss (blitz)"]
[EventRounds "11"]
[EventCountry "USA"]
[SourceTitle "CBM 201 Extra"]
[Source "ChessBase"]
[SourceDate "2021.05.31"]
[SourceVersion "1"]
[SourceVersionDate "2021.05.31"]
[SourceQuality "1"]

1. e4 e5 2. Nf3 Nc6 3. Bc4 Nf6 4. d3 Bc5 5. c3 0-0 6. b4 Bb6 7. a4 a5 8. b5 Nb8 9. Nxe5 d5 10. exd5 Nxd5 11. 0-0 Be6 12. Qb3 c6 13. d4 Bc7 14. Nd2 Nf4 15. Ndf3 Ne2+ 16. Kh1 Nxc1 17. Raxc1 Bxc4 18. Qxc4 cxb5 19. Qxb5 Bxe5 20. Nxe5 Nc6 21. Nxc6 bxc6 22. Qxc6 Rc8 23. Qf3 Qd7 24. Ra1 Rc4 25. g3 Rfc8 26. Rfc1 h6 27. Kg2 Rxc3 28. Rxc3 1-0